QUEST Central Library Banner

Mathematics for Mechanical Technicians and Technologists : principles, formulas, problem solving (Record no. 1368)

MARC details
000 -LEADER
fixed length control field 00488nam a2200145 a 4500
020 ## - INTERNATIONAL STANDARD BOOK NUMBER
ISBN 0025106201 (hardcover)
020 ## - INTERNATIONAL STANDARD BOOK NUMBER
ISBN 9780025106208 (hardcover)
100 1# - MAIN ENTRY--AUTHOR NAME
Personal name Bies, John D.
245 10 - TITLE STATEMENT
Title Mathematics for Mechanical Technicians and Technologists : principles, formulas, problem solving
260 ## - PUBLICATION, DISTRIBUTION, ETC. (IMPRINT)
Place of publication [S.l.] :
Name of publisher Audel Books,
Year of publication 1986.
300 ## - PHYSICAL DESCRIPTION
Number of Pages 424 p.
650 ## - SUBJECT ADDED ENTRY--TOPICAL TERM
Topical Term Engineering mathematics
856 40 - ELECTRONIC LOCATION AND ACCESS
Uniform Resource Identifier http://www.amazon.com/exec/obidos/ASIN/0025106201/chopaconline-20
942 ## - ADDED ENTRY ELEMENTS (KOHA)
Koha item type Books
Holdings
Withdrawn status Lost status Home library Current library Date acquired Cost, normal purchase price Full call number Accession Number Koha item type
    Central Library, QUEST, Nawabshah Stacks area 01/05/2014 396.69 620.0042AUD 13415 Books

Copyright © 2018,The QUEST, Nawabshah, Shaheed Benazirabad. All rights reserved
Mr. G. Farooq Channar (Librarian) QUEST, Nawabshah, Sindh, Pakistan 67480.
 Ph#: |   0244-9370381-4 Ext. 2308   Email| lib@quest.edu.pk   Web|  http://www.quest.edu.pk